Les 5 villes françaises où l'on se plaint le PLUS - Statistiques

Statistiques générales
  • Ce quiz a été pris 138 fois
  • Le résultat moyen est 3 sur 5
Statistiques - réponses
Villes % Correct
2) Paris
99%
1) Lyon
89%
5) Lille
81%
3) Nice
58%
4) Le Havre
12%
Aucun quiz correspondant
Distribution des résultats
% des personnes avec chaque résultat
Percentile par nombre de réponses
Votre historique - résultats
Vous n’avez pas pris ce quiz